| 000 | 00799nam a2200229 i 4500 | ||
|---|---|---|---|
| 001 | bg | ||
| 245 | 1 | 0 |
_aProdukcja roślinna w województwie zachodniopomorskim w 2001 r. / _coprac. zesp. pod kier. Alfredy Gibowskiej. |
| 260 |
_aSzczecin : _bUS, _c2002. |
||
| 300 |
_a56 s. ; _c24 cm. |
||
| 490 | 1 |
_aInformacje i Opracowania Statystyczne = _aUrząd Statystyczny w Szczecinie |
|
| 650 | 9 |
_aRośliny uprawne _xprodukcja _zPolska _ystan na 2001 r. |
|
| 650 | 9 |
_aProdukcja _xrolnictwo _zPolska _ystan na 2001 r. |
|
| 700 | 1 |
_aGIBOWSKA, Alfreda. _eRed. |
|
| 710 | 0 | _aUrząd Statystyczny (Szczecin) | |
| 830 | 0 | _aInformacje i Opracowania Statystyczne | |
| 020 | _a8388718134 | ||
| 040 | _cBPK | ||
| 041 | 0 | _apl | |
| 920 | _a83-88718-13-4 | ||
| 942 | _cKS | ||
| 008 | s pl f |000 0 pol | ||
| 999 |
_c35698 _d35698 |
||
| 856 |
_uhttp://koha.tu.koszalin.pl/cgi-bin/koha/opac-detail.pl?biblionumber=35698 _yKatalog online BPK |
||